00503 2200169 4500001002100000008004100021035002000062245006300082110002100145260003900166300001600205020002200221084001700243082001100260650004900271990001300320INLIS000000000000307 ind  a0010-0120000307 aAl-Qur'an HadisbMadrasah Tsanawiyah VIIcKementrian Agama aKementrian Agama aJakarta :bKementrian Agama,c2014 avi, 68 hlm. a978-979-8446-58-0 a297.12 ALQ a a297.12 aAl-Qur'an dan Hadist -- Studi dan Pengajaran a21900307